000 00474nmm a2200169Ia 4500
008 251105s9999||||xx |||||||||||||||||und||
020 _a9788494811364
041 _aspa
100 _aSun, Tzu
245 0 _aEl arte de la guerra
264 _a[Buenos Aires, Argentina] :
_bEditorial Del Nuevo Extremo,
_c2018
300 _a134 páginas
490 _aFilosofía
650 _aPhilosophy, Ethics
856 _uhttps://public.digitaliapublishing.com/a/99247
942 _cCF
999 _c89496
_d89496